000 00426nam a2200157Ia 4500
008 210716s2008 xx 000 0 und d
020 _a0073123684
041 _aeng
082 _a658.4038 HAAS
100 _aHaag, Stephen;Baltzan, Paige;Phillips, Amy.
245 _aBusiness driven technology.
250 _a2
260 _aBoston
_bMc Graw Hill
_c2008
300 _axxxvii,610
650 _aManagement Information Systems
999 _c202900
_d202900